000
00262nam a2200109Ia 4500
008
190216s9999||||xx |||||||||||||| ||und||
100
_a
Ferrar W L
245
0
_a
Integral Calculus
260
_b
Oxford University Press
_c
1958
650
_a
Mathematics
942
_c
BK
999
_c
30444
_d
30444